Barack Obama, la economía y el progresismo estadounidense /
En este se presenta un análisis de los caminos y de las decisiones que ha tomado la presidencia de Barack Obama, sus contradicciones y enfrentamientos. Todo ello de cara a la redefinición de su estrategia con vistas a las elecciones de 2012.
Saved in:
| Main Author: | |
|---|---|
| Format: | Text |
| Subjects: | |
| Tags: |
Add Tag
No Tags, Be the first to tag this record!
|
MARC
| LEADER | 00000 a a2200000 04500 | ||
|---|---|---|---|
| 001 | 44119 | ||
| 003 | |||
| 040 | |||
| 100 | |a Kuttner, Robert | ||
| 245 | |a Barack Obama, la economía y el progresismo estadounidense / |c Robert Kuttner | ||
| 520 | |a En este se presenta un análisis de los caminos y de las decisiones que ha tomado la presidencia de Barack Obama, sus contradicciones y enfrentamientos. Todo ello de cara a la redefinición de su estrategia con vistas a las elecciones de 2012. | ||
| 590 | |a SJB/NOVIEMBRE2012 | ||
| 650 | |a PROGRESISMO | ||
| 650 | |a RECESION ECONOMICA | ||
| 650 | |a NEW DEAL | ||
| 650 | |a NEOLIBERALISMO | ||
| 650 | |a ESTADOS UNIDOS | ||
| 773 | |g número236 (2011), páginas 40-55 | ||
| 999 | |c 21424 |d 21424 | ||
